Kvetinové aranžmány

Bibliographic Details
Main Author: Packer, Jane, 1959-2011 (Author)
Other Authors: Nagyová, Jana, 1961- (Translator)
Format: Book
Language:Slovak
English
PhysicalDescription:128 s. fareb. fotogr. 25 cm
Published: Bratislava Ikar 2002
ISBN:8055102368
Subjects:

MARC

LEADER 00000cam a2200000 a 4500
001 vtls001436513
003 SK-MaSNL
005 20260301230214.0
008 240226s2002 xo a r 000 0 slo
015 |a SNBA2002/11-03570 
020 |a 8055102368 
035 |a SNK000391613 
035 |a urn:nbn:sk:snk-am3ilon 
035 |a 9A7200BB-EA09-49D8-9622-C085708661A8 
035 |a urn:nbn:sk:snk-am00eoig 
040 |a SNK  |b slo  |c SNK  |e AACR2 
041 1 |a slo  |h eng 
044 |a xo  |c SK 
080 |a 745.92(035)  |2 1981 
080 |a 635.9:745.92(035)  |2 1981 
100 1 |a Packer, Jane,  |d 1959-2011  |4 aut  |9 205462 
240 1 0 |a Fast flowers  |l Slovensky 
245 1 0 |a Kvetinové aranžmány  |c Jane Packerová ; [z anglického originálu Fast flowers ... preložila Jana Nagyová] 
260 |a Bratislava  |b Ikar  |c 2002 
300 |a 128 s.  |b fareb. fotogr.  |c 25 cm 
504 |a Obsahuje register 
650 0 7 |a rezané kvety  |2 SNKPH  |9 106308 
650 0 7 |a aranžovanie kvetov  |2 SNKPH  |9 3093 
655 7 |a príručky  |2 SNKPH  |9 74364 
700 1 |a Nagyová, Jana,  |d 1961-  |4 trl  |9 230553 
919 |a 80-551-0236-8 
958 |a TL 
958 |a OP 
958 |a GB 
958 |a NS 
958 |a OND 
968 |b ENG 
999 |c 953913  |d 955843 
952 |a SNK  |b SNK  |y PREZ  |7 0  |p 17A0348406  |o snkSC 108438  |i snkKSP 7961/2002  |0 0  |1 0  |4 0  |d 2002-06-19  |f 1  |l 0  |r 2025-09-29 00:00:00  |w 2026-02-24 
952 |a SNK  |b SNK  |y VYP  |7 0  |p 17A0348407  |o snkSC 108438 D1  |i snkKSP 7962/2002  |0 0  |1 0  |4 0  |d 2002-06-19  |l 0  |r 2005-01-02 00:00:00  |w 2026-02-24 
952 |t snkPAC 745.9  |a SNKUST  |b SNKUST  |y PREZ  |7 0  |p 17A0508619  |o snkSC 108438 D2  |i snk2006/9900  |8 1  |0 0  |1 0  |4 0  |d 2006-05-17  |l 0  |r 2025-04-29 00:00:00  |w 2026-02-24